| 000 | 00537nam a2200181 i 4500 | ||
|---|---|---|---|
| 001 | 61361 | ||
| 003 | ES-MaACL | ||
| 005 | 20230906164436.0 | ||
| 007 | t| | ||
| 008 | 031111s1964 sp ||||1| spa d | ||
| 100 | 1 |
_aEuwe, Max. _948340 |
|
| 245 | 1 | 3 |
_aLa apertura española / _cMax Eube ; [traducción por César Utrilla Carrasco]. |
| 260 |
_a[Tortosa : _bs.n., _c1964] ( _fPeri) |
||
| 300 |
_a158 p. : _bil. ; _c22 cm. |
||
| 500 | _aEs el t. 2. | ||
| 700 | 1 |
_aUtrilla Carrasco, César. _9112339 |
|
| 852 |
_aES-MaACL _jC-28612 _bR.57922 |
||
| 999 |
_c61361 _d61361 |
||